000 00523nam a2200169Ia 4500
999 _c28368
_d28368
003 OSt
005 20210108102627.0
008 190216s9999||||xx |||||||||||||| ||und||
040 _coclc
082 _a894.812301
_bKRI/A
100 _a Krishnankutty, Mundoor
_98124
245 0 _aAyirathi Thollayirathi Thonnuti Anju /
_cMundoor Krishnankutty
260 _bPoorna Publications,
_aKozhikode:
_c1997.
300 _a99p
650 _aKathakal
942 _cBK
_2ddc
_h894.812301
_iKRI/A
_k894.812301
_mKRI/A